|
|
|
|
| LEADER |
00000cam a2200000 c 4500 |
| 001 |
1132736366 |
| 003 |
DE-627 |
| 005 |
20250628131250.0 |
| 007 |
tu |
| 008 |
971126s1917 xx ||||| 00| ||ger c |
| 035 |
|
|
|a (DE-627)1132736366
|
| 035 |
|
|
|a (DE-603)074318993
|
| 035 |
|
|
|a (DE-576)062736361
|
| 035 |
|
|
|a (DE-599)BSZ062736361
|
| 035 |
|
|
|a (OCoLC)72429245
|
| 035 |
|
|
|a (DE-604)8070823294
|
| 040 |
|
|
|a DE-627
|b ger
|c DE-627
|e rakwb
|
| 041 |
|
|
|a ger
|
| 084 |
|
|
|a 1
|a 0
|2 ssgn
|
| 084 |
|
|
|a NV 5230
|2 rvk
|0 (DE-625)rvk/131864:
|
| 084 |
|
|
|a BO 1520
|2 rvk
|0 (DE-625)rvk/13998:
|
| 084 |
|
|
|a BO 4880
|2 rvk
|0 (DE-625)rvk/14498:
|
| 084 |
|
|
|a BM 4481
|2 rvk
|0 (DE-625)rvk/12629:11597
|
| 100 |
1 |
|
|a Borne, Fidentius van
|4 aut
|
| 245 |
1 |
4 |
|a Die Franziskus-Forschung in ihrer Entwickelung dargestellt
|c von Fidentius van den Borne
|
| 246 |
3 |
0 |
|a Entwicklung Franziskusforschung
|
| 264 |
|
1 |
|a München
|b Lentner
|c 1917
|
| 300 |
|
|
|a X, 106 S.
|
| 336 |
|
|
|a Text
|b txt
|2 rdacontent
|
| 337 |
|
|
|a ohne Hilfsmittel zu benutzen
|b n
|2 rdamedia
|
| 338 |
|
|
|a Band
|b nc
|2 rdacarrier
|
| 490 |
1 |
|
|a Veröffentlichungen aus dem Kirchenhistorischen Seminar München
|v 4,6
|
| 583 |
1 |
|
|a Archivierung/Langzeitarchivierung gewährleistet
|f SSG
|x XA-DE-BW
|2 pdager
|5 DE-21
|
| 600 |
0 |
7 |
|0 (DE-588)118534963
|0 (DE-627)136187161
|0 (DE-576)208922911
|a Franz
|c von Assisi, Heiliger
|d 1182-1226
|2 gnd
|
| 650 |
0 |
7 |
|0 (DE-588)4017894-8
|0 (DE-627)106328379
|0 (DE-576)208921524
|a Forschung
|2 gnd
|
| 689 |
0 |
0 |
|d p
|0 (DE-588)118534963
|0 (DE-627)136187161
|0 (DE-576)208922911
|2 gnd
|a Franz
|c von Assisi, Heiliger
|d 1182-1226
|
| 689 |
0 |
1 |
|d s
|0 (DE-588)4017894-8
|0 (DE-627)106328379
|0 (DE-576)208921524
|2 gnd
|a Forschung
|
| 689 |
0 |
2 |
|q z
|2 gnd
|a Geschichte
|
| 689 |
0 |
|
|5 (DE-627)
|
| 787 |
0 |
8 |
|i Rezension
|a Bihlmeyer, Karl, 1874 - 1942
|t Borne, Fidentius van, Die Franziskus-Forschung in ihrer Entwickelung dargestellt
|d 1921
|w (DE-627)1539901009
|w (DE-576)469901004
|
| 787 |
0 |
8 |
|i Rezension
|a Walter, v.
|t Borne, Fidentius van, Die Franziskus-Forschung in ihrer Entwickelung dargestellt
|d 1920
|w (DE-627)1473714508
|w (DE-576)403714508
|
| 787 |
0 |
8 |
|i Rezension
|a Lempp, Eduard, 1855 - 1939
|t Borne, Fidentius van den, Die Franziskus-Forschung in ihrer Entwickelung dargestellt
|d 1918
|w (DE-627)1476157413
|w (DE-576)406157413
|
| 787 |
0 |
8 |
|i Rezensiert in
|a Walter, v.
|t Borne, Fidentius van, Die Franziskus-Forschung in ihrer Entwickelung dargestellt
|d 1920
|w (DE-627)1520824750
|w (DE-576)450824756
|
| 810 |
2 |
|
|a Ludwig-Maximilians-Universität München
|b Kirchenhistorisches Seminar
|t Veröffentlichungen aus dem Kirchenhistorischen Seminar München
|v 4,6
|9 4,6
|w (DE-627)130154199
|w (DE-576)004411633
|w (DE-600)515886-2
|7 am
|
| 935 |
|
|
|a mteo
|
| 936 |
r |
v |
|a NV 5230
|b Franziskaner, Franziskanerinnen
|k Geschichte
|k Religions- und Kirchengeschichte
|k Geschichte der katholischen Kirche
|k Geschichte des Mönchtums und des Klosterwesens
|k Franziskaner, Franziskanerinnen
|0 (DE-627)1270699512
|0 (DE-625)rvk/131864:
|0 (DE-576)200699512
|
| 936 |
r |
v |
|a BO 1520
|b Reihen zum Gesamtgebiet der Kirchengeschichte
|k Theologie und Religionswissenschaften
|k Patrologie und Kirchengeschichte
|k Schriftenreihen
|k Reihen zum Gesamtgebiet der Kirchengeschichte
|0 (DE-627)1270743767
|0 (DE-625)rvk/13998:
|0 (DE-576)200743767
|
| 936 |
r |
v |
|a BO 4880
|b Bettelorden
|k Theologie und Religionswissenschaften
|k Patrologie und Kirchengeschichte
|k Kirchengeschichte nach Perioden
|k Geschichte der Kirche im Mittelalter
|k Darstellungen
|k Mitte des 12. Jahrhunderts - Bonifaz VIII. (1150-1303)
|k Kirchliche Orden und Gemeinschaften
|k Bettelorden
|0 (DE-627)1270747649
|0 (DE-625)rvk/14498:
|0 (DE-576)200747649
|
| 936 |
r |
v |
|a BM 4481
|b Sekundärliteratur
|k Theologie und Religionswissenschaften
|k Theologie des geistlichen Lebens
|k Quellen zur Theologie des geistlichen Lebens
|k Hochmittelalter (13. Jahrhundert)
|k Einzelne Autoren
|k Franz von Assisi (+1226)
|k Sekundärliteratur
|0 (DE-627)1270701967
|0 (DE-625)rvk/12629:11597
|0 (DE-576)200701967
|
| 951 |
|
|
|a BO
|
| ELC |
|
|
|b 1
|
| ITA |
|
|
|a 1
|t 1
|
| LOK |
|
|
|0 000 xxxxxcx a22 zn 4500
|
| LOK |
|
|
|0 001 2603208950
|
| LOK |
|
|
|0 003 DE-627
|
| LOK |
|
|
|0 004 1132736366
|
| LOK |
|
|
|0 005 20130413105226
|
| LOK |
|
|
|0 008 090622||||||||||||||||ger|||||||
|
| LOK |
|
|
|0 040
|a DE-21
|c DE-627
|d DE-21
|
| LOK |
|
|
|0 852
|a DE-21
|
| LOK |
|
|
|0 852 1
|c Gh 3341;4-6
|9 00
|
| LOK |
|
|
|0 935
|a dika
|a theo
|
| LOK |
|
|
|0 939
|a 22-06-09
|b l01
|
| LOK |
|
|
|0 000 xxxxxcx a22 zn 4500
|
| LOK |
|
|
|0 001 2317357265
|
| LOK |
|
|
|0 003 DE-627
|
| LOK |
|
|
|0 004 1132736366
|
| LOK |
|
|
|0 005 20260218073852
|
| LOK |
|
|
|0 008 971126||||||||||||||||ger|||||||
|
| LOK |
|
|
|0 040
|a DE-21-35
|c DE-627
|d DE-21-35
|
| LOK |
|
|
|0 541
|e A4890
|
| LOK |
|
|
|0 852
|a DE-21-35
|
| LOK |
|
|
|0 852 1
|c Kl 7.02
|m p
|9 00
|
| LOK |
|
|
|0 852 2
|b Magazin
|9 00
|
| LOK |
|
|
|0 938
|k p
|
| LOK |
|
|
|0 939
|a 26-11-97
|b l01
|
| ORI |
|
|
|a TA-MARC-ixtheoa001.raw
|
| REF |
|
|
|a Forschungsgeschichte
|
| REL |
|
|
|a 1
|
| STA |
0 |
0 |
|a History,History,History in art,Research,Research concerning,Scientific investigations
|
| STB |
0 |
0 |
|a Histoire,Histoire,Histoire,Recherche,Recherche
|
| STC |
0 |
0 |
|a Historia,Historia,Historia,Investigación,Investigación
|
| STD |
0 |
0 |
|a Ricerca scientifica,Ricerca scientifica,Storia,Storia
|
| STE |
0 |
0 |
|a 历史,史,研究
|
| STF |
0 |
0 |
|a 歷史,史,研究
|
| STG |
0 |
0 |
|a História,História,Pesquisa,Pesquisa
|
| STH |
0 |
0 |
|a Исследование (мотив),Исследование,История (мотив),История
|
| STI |
0 |
0 |
|a Επιστημονική έρευνα (μοτίβο),Επιστημονική έρευνα,Ιστορία (μοτίβο),Ιστορία
|
| SUB |
|
|
|a REL
|
| SYA |
0 |
0 |
|a Franz,von Assisi,1182-1226,Franciscus,Assisias, Heiliger,1182-1226,Franciscus,Assisias,1182-1226,Franziskus,von Assisi, Heiliger,1182-1226,Bernardone, Giovanni,1182-1226,Franciscus,Assisiensis, Heiliger,1182-1226,Franciscus,de Assisi, Heiliger,1182-1226,Franciscus,ab Assisi, Heiliger,1182-1226,Franciscus,von Assisi, Heiliger,1182-1226,Francis,of Assisi, Heiliger,1182-1226,Francis,Bernardoni, Heiliger,1182-1226,Francisco,de Asís, Heiliger,1182-1226,Franciscus,Bernardoni, Heiliger,1182-1226,Franciscus,Seraphicus, Heiliger,1182-1226,Franciscus,Fratrum Minorum Conditor, Heiliger,1182-1226,Francisko,el Asizo, Heiliger,1182-1226,Francisko,el Asizio, Heiliger,1182-1226,François,d'Assise, Heiliger,1182-1226,Francis,af Assisi, Heiliger,1182-1226,Franciscus,de Assisio, Heiliger,1182-1226,Franciszek,z Asyżu, Heiliger,1182-1226,Francesco,d'Assisi, Heiliger,1182-1226,Francescho,da Scesi, Heiliger,1182-1226,Francesci,Floretum, Heiliger,1182-1226,Francesco,di Pietro di Bernardone, Heiliger,1182-1226,Francesc,d'Assis, Heiliger,1182-1226,František,z Assisi, Heiliger,1182-1226,Franjo,Asiški, Heiliger,1182-1226,Franciscus,Sanctus,1182-1226,Franziskus,Heiliger,1182-1226,Francesco,San,1182-1226,Francis,Saint,1182-1226,Assisias, Franciscus,Heiliger,1182-1226,Assisiensis, Franciscus,Heiliger,1182-1226,Assisi, Franziskus von,Heiliger,1182-1226,Assisi, Francesco d',Heiliger,1182-1226,Assisi, Franz von,Heiliger,1182-1226,Assissi, Franz von,Heiliger,1182-1226,Assisi, Franciscus von,Heiliger,1182-1226,Assis, Franciscus,Heiliger,1182-1226,Assis, Francesc d',Heiliger,1182-1226,Assiss, Franciscus de,Heiliger,1182-1226,Assisi, František z,Heiliger,1182-1226,Asiški, Franjo,Heiliger,1182-1226,Bernardone, Giovanni,Heiliger,1182-1226,Bernardoni, Franciscus,Heiliger,1182-1226
|
| SYE |
0 |
0 |
|a Wissenschaftliche Forschung,Forschungen
|
| SYG |
0 |
0 |
|a Franz,von Assisi,1182-1226,Franciscus,Assisias, Heiliger,1182-1226,Franciscus,Assisias,1182-1226,Franziskus,von Assisi, Heiliger,1182-1226,Bernardone, Giovanni,1182-1226,Franciscus,Assisiensis, Heiliger,1182-1226,Franciscus,de Assisi, Heiliger,1182-1226,Franciscus,ab Assisi, Heiliger,1182-1226,Franciscus,von Assisi, Heiliger,1182-1226,Francis,of Assisi, Heiliger,1182-1226,Francis,Bernardoni, Heiliger,1182-1226,Francisco,de Asís, Heiliger,1182-1226,Franciscus,Bernardoni, Heiliger,1182-1226,Franciscus,Seraphicus, Heiliger,1182-1226,Franciscus,Fratrum Minorum Conditor, Heiliger,1182-1226,Francisko,el Asizo, Heiliger,1182-1226,Francisko,el Asizio, Heiliger,1182-1226,François,d'Assise, Heiliger,1182-1226,Francis,af Assisi, Heiliger,1182-1226,Franciscus,de Assisio, Heiliger,1182-1226,Franciszek,z Asyżu, Heiliger,1182-1226,Francesco,d'Assisi, Heiliger,1182-1226,Francescho,da Scesi, Heiliger,1182-1226,Francesci,Floretum, Heiliger,1182-1226,Francesco,di Pietro di Bernardone, Heiliger,1182-1226,Francesc,d'Assis, Heiliger,1182-1226,František,z Assisi, Heiliger,1182-1226,Franjo,Asiški, Heiliger,1182-1226,Franciscus,Sanctus,1182-1226,Franziskus,Heiliger,1182-1226,Francesco,San,1182-1226,Francis,Saint,1182-1226,Assisias, Franciscus,Heiliger,1182-1226,Assisiensis, Franciscus,Heiliger,1182-1226,Assisi, Franziskus von,Heiliger,1182-1226,Assisi, Francesco d',Heiliger,1182-1226,Assisi, Franz von,Heiliger,1182-1226,Assissi, Franz von,Heiliger,1182-1226,Assisi, Franciscus von,Heiliger,1182-1226,Assis, Franciscus,Heiliger,1182-1226,Assis, Francesc d',Heiliger,1182-1226,Assiss, Franciscus de,Heiliger,1182-1226,Assisi, František z,Heiliger,1182-1226,Asiški, Franjo,Heiliger,1182-1226,Bernardone, Giovanni,Heiliger,1182-1226,Bernardoni, Franciscus,Heiliger,1182-1226 , Wissenschaftliche Forschung,Forschungen , History,Geschichtliche Epoche,Historical development,Historische Entwicklung,Landesgeschichte,Regionalgeschichte,Ortsgeschichte,Zeitgeschichte
|